000 01538nam0a2200337 4500
001 RU\NLR\bibl\1477283
005 20260405234917.0
010 _a978-5-9961-0133-7
_9100
021 _aRU
_b2009-105983
_96747
035 _a(NLR Aleph) 001468948
090 _a1631169
_c1631169
100 _a20100225d2009 |||y0rusy50 ca
101 0 _arus
102 _aRU
105 _aa |||||||||
200 1 _aФормирование современного рынка социальных услуг
_fН.И. Скок, Т.Е. Ухабина
_gФедер. агентство по образованию, Гос. образоват. учреждение высш. проф. образования "Тюм. гос. нефтегазовый ун-т"
210 _aТюмень
_cТюмГНГУ
_d2009
215 _a111 с.
_cсхем.
_d21
320 _aБиблиогр.: с. 99-103 (50 назв.)
606 1 _aУслуги в социальной сфере
_yРоссийская Федерация
_92293028
_3RU\NLR\auth\661373186
686 _aУ49(2)
700 1 _4070
_8rus
_7ca
_aСкок
_bН. И.
_cд-р социол. наук
_f1955-
_gНаталья Ивановна
_3RU\NLR\auth\77108533
_991458
701 1 _4070
_aУхабина
_bТ. Е.
_cканд. социол. наук
_gТатьяна Евгеньевна
_9153242
_3RU\NLR\AUTH\770153280
801 0 _aRU
_bNLR
_c20100225
_gRCR
801 1 _aRU
_bNLR
_c20100225
830 _aавт. по кн.
942 _cBOOK
980 _aNB
980 _aNBR